[Event "SVK-chT1E 2122"]
[Site "Slovakia"]
[Date "2022.02.13"]
[Round "3.2"]
[White "Magat, Jozef"]
[Black "Simo, Marian"]
[Result "1/2-1/2"]
[WhiteElo "2030"]
[BlackElo "2034"]
[PlyCount "25"]
[EventDate "2022.01.29"]
[EventType "team-tourn"]
[EventRounds "11"]
[EventCountry "SVK"]
[SourceTitle "EXT 2023"]
[Source "ChessBase"]
[SourceDate "2022.10.05"]
[SourceVersion "1"]
[SourceVersionDate "2022.10.05"]
[SourceQuality "1"]
[WhiteTeam "Dunajov Inbest"]
[BlackTeam "Dunajov Inbest II"]
[WhiteTeamCountry "SVK"]
[BlackTeamCountry "SVK"]

1. d4 Nf6 2. Nf3 d5 3. c4 e6 4. Nc3 Be7 5. Bg5 0-0 6. cxd5 Nxd5 7. Bxe7 Qxe7 8. e4 Nxc3 9. bxc3 c5 10. Be2 Nc6 11. 0-0 b6 12. Qa4 Bb7 13. Rfd1 1/2-1/2

[Event "SVK-chT2C 2122"]
[Site "Slovakia"]
[Date "2022.02.06"]
[Round "4.3"]
[White "Molnar, Lubomir"]
[Black "Simo, Marian"]
[Result "0-1"]
[WhiteElo "1888"]
[BlackElo "2034"]
[PlyCount "82"]
[EventDate "2021.10.16"]
[EventType "team-tourn"]
[EventRounds "11"]
[EventCountry "SVK"]
[SourceTitle "EXT 2023"]
[Source "ChessBase"]
[SourceDate "2022.10.05"]
[SourceVersion "1"]
[SourceVersionDate "2022.10.05"]
[SourceQuality "1"]
[WhiteTeam "Bziny"]
[BlackTeam "Dunajov III"]
[WhiteTeamCountry "SVK"]
[BlackTeamCountry "SVK"]

1. e4 c5 2. Nf3 e6 3. d4 cxd4 4. Nxd4 a6 5. Bd3 Nc6 6. Nxc6 bxc6 7. Qe2 d5 8. 0-0 Be7 9. e5 Qc7 10. c4 Bc5 11. Be3 Bxe3 12. Qxe3 Nh6 13. h3 0-0 14. Nc3 f6 15. f4 Qa7 16. c5 a5 17. exf6 Rxf6 18. g4 Ba6 19. Rad1 Bxd3 20. Rxd3 Re8 21. Ne2 Rff8 22. Rb3 e5 23. fxe5 Rxf1+ 24. Kxf1 Nf7 25. e6 Nd8 26. Nf4 Nxe6 27. Nxe6 Qf7+ 28. Kg2 h5 29. gxh5 Rxe6 30. Rb8+ Kh7 31. Qd3+ Re4 32. b4 Qxh5 33. bxa5 Qg5+ 34. Kh1 g6 35. Rb7+ Kh6 36. Qf1 Rf4 37. Qg1 Qf5 38. Kg2 Qe4+ 39. Kh2 Qe2+ 40. Kg3 Rf3+ 41. Kh4 Qe4+ 0-1

[Event "SVK-chT2C 2122"]
[Site "Slovakia"]
[Date "2022.02.05"]
[Round "3.3"]
[White "Simo, Marian"]
[Black "Listiak, Juraj"]
[Result "1-0"]
[WhiteElo "2034"]
[BlackElo "1927"]
[PlyCount "89"]
[EventDate "2021.10.16"]
[EventType "team-tourn"]
[EventRounds "11"]
[EventCountry "SVK"]
[SourceTitle "EXT 2023"]
[Source "ChessBase"]
[SourceDate "2022.10.05"]
[SourceVersion "1"]
[SourceVersionDate "2022.10.05"]
[SourceQuality "1"]
[WhiteTeam "Dunajov III"]
[BlackTeam "Banska Bystrica Kurta"]
[WhiteTeamCountry "SVK"]
[BlackTeamCountry "SVK"]

1. e4 e6 2. d4 d5 3. Nc3 dxe4 4. Nxe4 Bd7 5. Nf3 Bc6 6. Bd3 Nd7 7. Qe2 Ngf6 8. 0-0 Nxe4 9. Bxe4 Bxe4 10. Qxe4 c6 11. Re1 Be7 12. Qg4 Nf6 13. Qxg7 Rg8 14. Qh6 Qd5 15. Qh3 0-0-0 16. Bf4 Rg4 17. c4 Qf5 18. Bg3 Rdg8 19. Ne5 R4g7 20. Qxf5 exf5 21. Nd3 Ne4 22. f3 Nxg3 23. Rxe7 Nh5 24. Ne1 Nf4 25. g3 h5 26. Kf2 Ng6 27. Re3 f4 28. Ra3 fxg3+ 29. hxg3 Ne7 30. Rxa7 Kb8 31. Ra5 f5 32. Re5 Kc8 33. Nd3 h4 34. gxh4 Rg2+ 35. Ke3 Ng6 36. Rxf5 Nxh4 37. Rf7 c5 38. Nxc5 Rxb2 39. Rh1 Ng2+ 40. Kd3 Re8 41. Ne4 Rg8 42. Rhh7 Rd8 43. Kc3 Rb1 44. Nc5 Rc1+ 45. Kb2 1-0

[Event "Liptovsky Mikulas CupT U20"]
[Site "Liptovsky Mikulas"]
[Date "2014.06.22"]
[Round "7.3"]
[White "Simo, Marian"]
[Black "Sirosh, Ilja"]
[Result "0-1"]
[WhiteElo "1946"]
[BlackElo "2095"]
[PlyCount "108"]
[EventDate "2014.06.19"]
[EventType "team-swiss"]
[EventRounds "7"]
[EventCountry "SVK"]
[SourceTitle "EXT 2015"]
[Source "ChessBase"]
[SourceDate "2014.11.20"]
[SourceVersion "1"]
[SourceVersionDate "2014.11.20"]
[SourceQuality "1"]
[WhiteTeam "Luna Martin (U18)"]
[BlackTeam "St Petersburg (U18)"]
[WhiteTeamCountry "SVK"]
[BlackTeamCountry "RUS"]

1. b3 e5 2. Bb2 Nc6 3. e3 Nf6 4. Bb5 Bd6 5. Ne2 a6 6. Bxc6 dxc6 7. 0-0 0-0 8. f4 Qe7 9. Qe1 Bg4 10. fxe5 Bxe5 11. Bxe5 Qxe5 12. Nbc3 Rad8 13. Nd4 Rfe8 14. Nce2 Qd6 15. Rd1 c5 16. Nf3 Nd5 17. Qg3 Qxg3 18. Nxg3 Nb4 19. h3 Bxf3 20. gxf3 Nxc2 21. Ne4 b6 22. Rc1 Nb4 23. a3 Nd3 24. Rc2 f5 25. Nf2 Nxf2 26. Kxf2 Rd7 27. Ke2 a5 28. Rb1 Re6 29. b4 cxb4 30. axb4 axb4 31. Rxb4 Kf7 32. Rc1 Rg6 33. Rd4 Re7 34. Rh1 Ke8 35. e4 fxe4 36. fxe4 Rd7 37. Rxd7 Kxd7 38. d4 Rg3 39. Kf2 Rd3 40. d5 Kd6 41. Rg1 g6 42. Re1 Ke5 43. Rc1 Kxe4 44. Rxc7 Rxd5 45. Rxh7 Kd4 46. Rh6 Rd6 47. h4 Kc5 48. Ke1 b5 49. h5 gxh5 50. Rxh5+ Kb4 51. Rh4+ Kc3 52. Rh3+ Rd3 53. Rh8 b4 54. Rc8+ Kb2 0-1

[Event "Liptovsky Mikulas CupT U20"]
[Site "Liptovsky Mikulas"]
[Date "2014.06.22"]
[Round "6.3"]
[White "Sromovska, Livia"]
[Black "Simo, Marian"]
[Result "0-1"]
[WhiteElo "1638"]
[BlackElo "1946"]
[PlyCount "82"]
[EventDate "2014.06.19"]
[EventType "team-swiss"]
[EventRounds "7"]
[EventCountry "SVK"]
[SourceTitle "EXT 2015"]
[Source "ChessBase"]
[SourceDate "2014.11.20"]
[SourceVersion "1"]
[SourceVersionDate "2014.11.20"]
[SourceQuality "1"]
[WhiteTeam "Liptov Chess School (U18) II"]
[BlackTeam "Luna Martin (U18)"]
[WhiteTeamCountry "SVK"]
[BlackTeamCountry "SVK"]

1. c4 Nf6 2. Nc3 e6 3. g3 Be7 4. Bg2 0-0 5. Nf3 d5 6. cxd5 exd5 7. d4 c6 8. 0-0 Re8 9. Re1 Nbd7 10. e3 Bf8 11. Re2 Ne4 12. Nd2 Ndf6 13. f3 Ng5 14. e4 dxe4 15. Ndxe4 Nfxe4 16. Nxe4 Nxe4 17. Rxe4 Be6 18. b3 Qd7 19. Bb2 a5 20. Rc1 a4 21. bxa4 Bxa2 22. Ra1 Be6 23. Bc3 Red8 24. Re1 g6 25. Qb1 Bg7 26. Rd1 h5 27. Qb2 Bd5 28. Re1 Bc4 29. Red1 c5 30. Bf1 Bxf1 31. Kxf1 Bxd4 32. Bxd4 cxd4 33. a5 Qd5 34. Kf2 Rxa5 35. Rxa5 Qxa5 36. Qxb7 Qa2+ 37. Kg1 Qe2 38. Qb3 d3 39. Rf1 Qc2 40. Qb6 Rc8 41. Qd4 d2 0-1

[Event "Liptovsky Mikulas CupT U20"]
[Site "Liptovsky Mikulas"]
[Date "2014.06.21"]
[Round "4.3"]
[White "Krzeminski, Sebastian"]
[Black "Simo, Marian"]
[Result "0-1"]
[WhiteElo "1701"]
[BlackElo "1946"]
[PlyCount "76"]
[EventDate "2014.06.19"]
[EventType "team-swiss"]
[EventRounds "7"]
[EventCountry "SVK"]
[SourceTitle "EXT 2015"]
[Source "ChessBase"]
[SourceDate "2014.11.20"]
[SourceVersion "1"]
[SourceVersionDate "2014.11.20"]
[SourceQuality "1"]
[WhiteTeam "Krakow Wisla (U18)"]
[BlackTeam "Luna Martin (U18)"]
[WhiteTeamCountry "POL"]
[BlackTeamCountry "SVK"]

1. d4 Nf6 2. c4 e6 3. Nc3 Bb4 4. a3 Bxc3+ 5. bxc3 h6 6. Qc2 d5 7. e3 0-0 8. Nf3 Nbd7 9. cxd5 exd5 10. c4 Re8 11. Be2 dxc4 12. Qxc4 c5 13. 0-0 b6 14. Rd1 cxd4 15. Rxd4 Bb7 16. a4 Rc8 17. Qd3 Qe7 18. Ba3 Nc5 19. Qd1 Nfe4 20. Rc1 Nxf2 21. Qd2 Qxe3 22. Qxe3 Rxe3 23. Bxc5 Rxe2 24. Kf1 Ba6 25. Ba3 Rb2+ 26. Rcc4 Bxc4+ 27. Rxc4 Rb1+ 28. Kxf2 Rxc4 29. Nd2 Rc2 30. Ke3 Re1+ 31. Kd3 Rc8 32. Nf3 Ra1 33. Bb2 Rxa4 34. Ne5 Ra2 35. Bd4 Rxg2 36. Ke4 Re8 37. Kf3 Rxh2 38. Nc6 Ra2 0-1

[Event "Zilina-ch"]
[Site "Zilina"]
[Date "2014.05.11"]
[Round "6"]
[White "Simo, Marian"]
[Black "Uher, Lubomir"]
[Result "1/2-1/2"]
[WhiteElo "1965"]
[BlackElo "1734"]
[PlyCount "54"]
[EventDate "2014.05.09"]
[EventType "swiss"]
[EventRounds "6"]
[EventCountry "SVK"]
[SourceTitle "CBM 160 Extra"]
[Source "ChessBase"]
[SourceDate "2014.07.01"]
[SourceVersion "1"]
[SourceVersionDate "2014.07.01"]
[SourceQuality "1"]

1. e4 d6 2. d4 Nf6 3. Nc3 g6 4. f3 Bg7 5. Be3 0-0 6. Qd2 Re8 7. Bd3 e5 8. Nge2 exd4 9. Nxd4 Nbd7 10. 0-0-0 Ne5 11. Be2 a6 12. g4 b5 13. h4 b4 14. Nd5 Nxd5 15. exd5 Bb7 16. h5 Bxd5 17. hxg6 c6 18. gxf7+ Nxf7 19. Bd3 Qa5 20. Bxh7+ Kf8 21. Nb3 Qxa2 22. Bd4 Re5 23. f4 Bxh1 24. fxe5 Bd5 25. exd6 Bh6 26. Be3 Bg7 27. Bd4 Bh6 1/2-1/2

[Event "Zilina-ch"]
[Site "Zilina"]
[Date "2014.05.10"]
[Round "3"]
[White "Carnecky, Andrej"]
[Black "Simo, Marian"]
[Result "1/2-1/2"]
[WhiteElo "1608"]
[BlackElo "1965"]
[PlyCount "60"]
[EventDate "2014.05.09"]
[EventType "swiss"]
[EventRounds "6"]
[EventCountry "SVK"]
[SourceTitle "CBM 160 Extra"]
[Source "ChessBase"]
[SourceDate "2014.07.01"]
[SourceVersion "1"]
[SourceVersionDate "2014.07.01"]
[SourceQuality "1"]

1. e4 b6 2. d4 Bb7 3. Nc3 e6 4. Nf3 Bb4 5. e5 Ne7 6. a3 Bxc3+ 7. bxc3 d5 8. c4 0-0 9. Bd3 h6 10. Be3 dxc4 11. Bxc4 Nf5 12. c3 c5 13. 0-0 Nd7 14. Rb1 Rc8 15. d5 exd5 16. Bxd5 Bxd5 17. Qxd5 Nxe3 18. fxe3 Re8 19. Rbd1 Nf8 20. Qc4 Qc7 21. Rd5 Re7 22. Rfd1 Rce8 23. Nh4 Rxe5 24. Nf5 Rxd5 25. Rxd5 Ng6 26. Rd6 Ne5 27. Qf4 Qc8 28. Nxg7 Kxg7 29. Qxh6+ Kg8 30. Qg5+ Ng6 1/2-1/2

[Event "SVK-ch U16"]
[Site "Stara Lubovna"]
[Date "2014.04.11"]
[Round "8"]
[White "Karas, Marek"]
[Black "Simo, Marian"]
[Result "1-0"]
[WhiteElo "1990"]
[BlackElo "1812"]
[PlyCount "125"]
[EventDate "2014.04.05"]
[EventType "swiss"]
[EventRounds "9"]
[EventCountry "SVK"]
[SourceTitle "EXT 2016"]
[Source "ChessBase"]
[SourceDate "2015.10.08"]
[SourceVersion "1"]
[SourceVersionDate "2015.10.08"]
[SourceQuality "1"]

1. d4 Nf6 2. c4 e6 3. Nf3 Bb4+ 4. Bd2 Qe7 5. a3 Bxd2+ 6. Qxd2 0-0 7. Nc3 d6 8. e4 a6 9. Be2 Nbd7 10. 0-0 c5 11. b4 b6 12. Rfd1 Rd8 13. Qg5 h6 14. Qh4 cxd4 15. Rxd4 Bb7 16. Rad1 Nf8 17. e5 dxe5 18. Nxe5 Qc7 19. Ng4 N8h7 20. R1d3 Rxd4 21. Nxf6+ Nxf6 22. Qxd4 Rc8 23. Rd1 Qc6 24. f3 Kf8 25. Bd3 Kg8 26. Ne4 Nxe4 27. Bxe4 Qc7 28. Bxb7 Qxb7 29. Qd6 Qc6 30. Qxc6 Rxc6 31. Rc1 Kf8 32. Kf2 Ke7 33. Ke3 Kd7 34. f4 Kc7 35. g4 Rd6 36. h4 Rd8 37. h5 Kc6 38. a4 Rd7 39. Rg1 Rd8 40. g5 hxg5 41. fxg5 Rh8 42. Rh1 a5 43. bxa5 bxa5 44. Kd4 Kd6 45. c5+ Kc6 46. Rh4 f6 47. gxf6 gxf6 48. h6 Rb8 49. Rh1 Rb4+ 50. Kc3 Rb8 51. h7 Rh8 52. Kc4 Kc7 53. Kb5 f5 54. Kxa5 f4 55. Kb5 f3 56. a5 e5 57. Kc4 Kb7 58. Kd5 Ka6 59. c6 Kxa5 60. c7 f2 61. Kxe5 Kb6 62. Kd6 Rxh7 63. c8Q 1-0

[Event "SVK-ch U16"]
[Site "Stara Lubovna"]
[Date "2014.04.10"]
[Round "7"]
[White "Kavon, Rastislav"]
[Black "Simo, Marian"]
[Result "1/2-1/2"]
[WhiteElo "1988"]
[BlackElo "1812"]
[PlyCount "52"]
[EventDate "2014.04.05"]
[EventType "swiss"]
[EventRounds "9"]
[EventCountry "SVK"]
[SourceTitle "EXT 2016"]
[Source "ChessBase"]
[SourceDate "2015.10.08"]
[SourceVersion "1"]
[SourceVersionDate "2015.10.08"]
[SourceQuality "1"]

1. e4 e6 2. d4 d5 3. Nc3 dxe4 4. Nxe4 Nd7 5. Nf3 Ngf6 6. Nxf6+ Nxf6 7. Bd3 Be7 8. 0-0 0-0 9. c3 b6 10. Bg5 Bb7 11. Qe2 Nd7 12. Bxe7 Qxe7 13. Rad1 Rfe8 14. Rfe1 h6 15. Bb5 Red8 16. d5 Nf8 17. Bc4 Re8 18. dxe6 Nxe6 19. Bxe6 fxe6 20. Qe3 c5 21. Rd2 Rad8 22. Red1 Rxd2 23. Nxd2 e5 24. Ne4 Qh4 25. f3 Bxe4 26. Qxe4 Qxe4 1/2-1/2

[Event "SVK-ch U16"]
[Site "Stara Lubovna"]
[Date "2014.04.08"]
[Round "5"]
[White "Janosik, Juraj"]
[Black "Simo, Marian"]
[Result "0-1"]
[WhiteElo "1000"]
[BlackElo "1812"]
[PlyCount "64"]
[EventDate "2014.04.05"]
[EventType "swiss"]
[EventRounds "9"]
[EventCountry "SVK"]
[SourceTitle "EXT 2016"]
[Source "ChessBase"]
[SourceDate "2015.10.08"]
[SourceVersion "1"]
[SourceVersionDate "2015.10.08"]
[SourceQuality "1"]

1. c4 Nf6 2. Nc3 e6 3. g3 Be7 4. Bg2 0-0 5. e3 d5 6. cxd5 exd5 7. Nge2 c6 8. 0-0 Nbd7 9. b3 Nc5 10. d4 Nce4 11. Qc2 Bf5 12. Nxe4 Nxe4 13. Re1 Bb4 14. Bxe4 Bxe4 15. Qd1 Bxe1 16. Qxe1 Qd7 17. Nf4 Rfe8 18. h4 h6 19. Qe2 Qe7 20. Bb2 a5 21. Rc1 a4 22. bxa4 Rxa4 23. a3 Bf5 24. Kh2 Qc7 25. Kg1 Qd6 26. Kh2 Re4 27. Rc3 Re8 28. Kg1 Rea8 29. Kh2 Rc8 30. Qf3 Raa8 31. Qh5 Qd7 32. f3 Kh7 0-1

[Event "SVK-ch U16"]
[Site "Stara Lubovna"]
[Date "2014.04.07"]
[Round "4"]
[White "Simo, Marian"]
[Black "Meszaros, Nikolas"]
[Result "0-1"]
[WhiteElo "1812"]
[BlackElo "1650"]
[PlyCount "86"]
[EventDate "2014.04.05"]
[EventType "swiss"]
[EventRounds "9"]
[EventCountry "SVK"]
[SourceTitle "EXT 2016"]
[Source "ChessBase"]
[SourceDate "2015.10.08"]
[SourceVersion "1"]
[SourceVersionDate "2015.10.08"]
[SourceQuality "1"]

1. e4 e6 2. d4 d5 3. Nc3 dxe4 4. Nxe4 Nf6 5. Bg5 Be7 6. Bxf6 Bxf6 7. Nf3 Nc6 8. c3 0-0 9. Be2 b6 10. Qc2 Bb7 11. 0-0-0 Qe7 12. Nfd2 Rad8 13. f4 g6 14. Bf3 Bg7 15. h4 Bh6 16. g3 f5 17. Nf2 Rd7 18. Rhe1 Re8 19. Nd3 Bg7 20. Bh1 Nd8 21. Bxb7 Nxb7 22. Nf3 Nd8 23. Nde5 Bxe5 24. Rxe5 Nf7 25. Re2 Qd6 26. Qa4 a5 27. d5 Ree7 28. Rxe6 Rxe6 29. dxe6 Qxd1+ 30. Qxd1 Rxd1+ 31. Kxd1 Nd6 32. Ke1 Kf8 33. Kf1 Ke7 34. Kg2 Ne4 35. Ng5 Nxg5 36. fxg5 Kxe6 37. Kf3 Ke5 38. b3 c6 39. Ke3 b5 40. a3 a4 41. b4 Kd5 42. Kf4 Kc4 43. Ke5 Kb3 0-1

[Event "SVK-ch U16"]
[Site "Stara Lubovna"]
[Date "2014.04.06"]
[Round "2"]
[White "Simo, Marian"]
[Black "Kravec, Patrik"]
[Result "0-1"]
[WhiteElo "1812"]
[BlackElo "1933"]
[PlyCount "78"]
[EventDate "2014.04.05"]
[EventType "swiss"]
[EventRounds "9"]
[EventCountry "SVK"]
[SourceTitle "EXT 2016"]
[Source "ChessBase"]
[SourceDate "2015.10.08"]
[SourceVersion "1"]
[SourceVersionDate "2015.10.08"]
[SourceQuality "1"]

1. e4 c5 2. Nf3 Nc6 3. Bb5 g6 4. 0-0 Bg7 5. c3 e5 6. d3 d6 7. Na3 Nge7 8. d4 exd4 9. cxd4 cxd4 10. Nxd4 0-0 11. Nb3 Be6 12. Bc4 d5 13. exd5 Bxd5 14. Qe2 Bxc4 15. Nxc4 Nf5 16. Rd1 Qc7 17. Rb1 Rfe8 18. Qf1 Ncd4 19. Nxd4 Nxd4 20. Ne3 Qa5 21. a3 Qh5 22. b4 Ne2+ 23. Kh1 Nc3 24. Bd2 Nxb1 25. Rxb1 Rad8 26. Bc1 Rd7 27. Bb2 Red8 28. Bxg7 Kxg7 29. Qc1 Qe2 30. Kg1 Rd2 31. Qc3+ Kg8 32. Rf1 Qd3 33. Qf6 Qd4 34. Qg5 f6 35. Qg3 Qe5 36. Qf3 Qe7 37. Qh3 f5 38. Qg3 Qg7 39. Qh4 Qf7 0-1

[Event "Senica op 02"]
[Site "Senica"]
[Date "2014.02.24"]
[Round "1"]
[White "Markova, Kristyna"]
[Black "Simo, Marian"]
[Result "0-1"]
[WhiteElo "1464"]
[BlackElo "1880"]
[PlyCount "66"]
[EventDate "2014.02.24"]
[EventType "swiss"]
[EventRounds "7"]
[EventCountry "SVK"]
[SourceTitle "CBM 159 Extra"]
[Source "ChessBase"]
[SourceDate "2014.04.24"]
[SourceVersion "1"]
[SourceVersionDate "2014.04.24"]
[SourceQuality "1"]

1. e4 e6 2. d4 d5 3. Nc3 dxe4 4. Nxe4 Nd7 5. Nf3 Ngf6 6. Bd3 Nxe4 7. Bxe4 Nf6 8. Bg5 Be7 9. Bxf6 Bxf6 10. Qd3 h6 11. 0-0-0 Be7 12. Ne5 0-0 13. f4 a5 14. g4 Ra6 15. Rhf1 c6 16. f5 Qc7 17. Rf2 b5 18. Qf3 c5 19. Nc6 Bg5+ 20. Kb1 Bd7 21. Ne5 cxd4 22. Nxd7 Qxd7 23. fxe6 Qxe6 24. Rxd4 Bf6 25. Rd1 Qe5 26. c3 b4 27. Rd5 Qc7 28. Qf5 g6 29. Qf3 bxc3 30. bxc3 Bxc3 31. Rc2 Qb8+ 32. Kc1 Bg7 33. Qb3 Qf4+ 0-1